Эволюция от неандертальца к Homo sapiens (Запись № 13677333)

Подробности
000 -МАРКЕР
контрольное поле 01921nam0a2200373 4500
001 - ИДЕНТИФИКАТОР ЗАПИСИ
контрольное поле RU\NLR\BIBL_A\022582284
005 - ИДЕНТИФИКАТОР ВЕРСИИ
контрольное поле 20260420050552.0
010 ## - МЕЖДУНАРОДНЫЙ СТАНДАРТНЫЙ НОМЕР КНИГИ (ISBN)
Номер (ISBN) 978-5-17-173052-9
Тираж 2000
021 ## - НОМЕР ГОСУДАРСТВЕННОЙ РЕГИСТРАЦИИ
Код страны Российская Федерация
Номер КН-П-25-028783
Номер Листа государственной регистраци КН-П-25-2848
035 ## - ДРУГИЕ СИСТЕМНЫЕ НОМЕРА
Идентификатор записи (NLR Aleph) 022582284
100 ## - ДАННЫЕ ОБЩЕЙ ОБРАБОТКИ
Данные общей обработки 20250708d2025 u y0rusy50 ca
101 1# - ЯЗЫК РЕСУРСА
Язык текста, звукозаписи и т.д. русский
Язык оригинала испанский, кастильский испанский
102 ## - СТРАНА ПУБЛИКАЦИИ ИЛИ ПРОИЗВОДСТВА
Страна публикации Российская Федерация
105 ## - ПОЛЕ КОДИРОВАННЫХ ДАННЫХ: ТЕКСТОВЫЕ МАТЕРИАЛЫ, МОНОГРАФИЧЕСКИЕ
Кодированные данные о монографическом текстовом документе y|||z|||000yy
181 #0 - ПОЛЕ КОДИРОВАННЫХ ДАННЫХ: ВИД СОДЕРЖАНИЯ
Код вида содержания (ISBD) i4
Код характеристики содержания (ISBD) axxe
182 #0 - ПОЛЕ КОДИРОВАННЫХ ДАННЫХ: ТИП СРЕДСТВА
Код типа средства (ISBD) n - непосредственное
200 1# - ЗАГЛАВИЕ И СВЕДЕНИЯ ОБ ОТВЕТСТВЕННОСТИ
Основное заглавие Эволюция от неандертальца к Homo sapiens
Первые сведения об ответственности Мильяс Хуан, Арсуага Хуан
Последующие сведения об ответственности [перевод с испанского О. В. Колосовой]
203 ## - ВИД СОДЕРЖАНИЯ И ТИП СРЕДСТВА
Вид содержания Текст
Дополнительные сведения об издании визуальный
Тип средства непосредственный
210 ## - ПУБЛИКАЦИЯ, РАСПРОСТРАНЕНИЕ И ДР.
Место издания, распространения и т.д. Москва
Имя издателя, распространителя и т. д. АСТ, Времена
Дата издания, распространения и т.д. 2025
215 ## - ФИЗИЧЕСКАЯ ХАРАКТЕРИСТИКА
Специфическое обозначение материала и объем 221, [2] с.
Размеры 22
225 1# - СЕРИЯ
Основное заглавие серии Интересный научпоп
300 ## - ОБЩИЕ ПРИМЕЧАНИЯ
Текст примечания Загл. и авт. ориг.: La vida contada por un sapiens a un neandertal / Juan Jose Millas, Juan Luis Arsuaga
300 ## - ОБЩИЕ ПРИМЕЧАНИЯ
Текст примечания На 4-й с. обл. авт.: Хуан Хосе Мильяс, писатель, журналист, Хуан Луис Арсуага, палеонтолог, проф.
333 ## - ПРИМЕЧАНИЯ ОБ ОСОБЕННОСТЯХ РАСПРОСТРАНЕНИЯ И ИСПОЛЬЗОВАНИЯ
Текст примечания 16+
454 #0 - ОРИГИНАЛ (ПЕРЕВОДА)
Встроенное поле 2001#$aLa vida contada por un sapiens a un neandertal$fJuan Jose Millas, Juan Luis Arsuaga
-- 700#1$aMillás$bJ. J.$f1946-$gJuan José$3RU\NLR\AUTH\770140693
-- 701#1$aArsuaga$bJ. L.$gJuan Luis
Заглавие La vida contada por un sapiens a un neandertal
Автор Millás, Juan José (1946-)
606 1# - НАИМЕНОВАНИЕ ТЕМЫ КАК ПРЕДМЕТ
Наименование темы Человек
Формальный подзаголовок Популярные издания
Тематический подзаголовок Эволюция
Системный номер авторитетной/нормативной записи 1939816
Идентификатор авторитетной/нормативной записи RU\NLR\AUTH\661174544
686 1# - ИНДЕКСЫ ДРУГИХ КЛАССИФИКАЦИЙ
Индекс Е72я9
700 #1 - ИМЯ ЛИЦА - ПЕРВИЧНАЯ ОТВЕТСТВЕННОСТЬ
Начальный элемент ввода Мильяс
Часть имени, кроме начального элемента ввода Х. Х.
Даты 1946-
Расширение инициалов личного имени Хуан Хосе
Системный номер авторитетной/нормативной записи 140651
Идентификатор авторитетной/нормативной записи RU\NLR\AUTH\770140687
701 #1 - ИМЯ ЛИЦА - АЛЬТЕРНАТИВНАЯ ОТВЕТСТВЕННОСТЬ
Начальный элемент ввода Арсуага
Часть имени, кроме начального элемента ввода Х. Л.
Расширение инициалов личного имени Хуан Луис
942 ## - ДОПОЛНИТЕЛЬНЫЕ ЭЛЕМЕНТЫ ЗАПИСИ (АБИС)
Тип экземпляра АБИС Книга
980 ## - КОЛЛЕКЦИЯ
Название коллекции Национальная библиография

Нет доступных экземпляров.